000 00595nam a2200193Ia 4500
999 _c11460
_d11460
003 OSt
005 20191218134540.0
008 190216s9999||||xx |||||||||||||| ||und||
020 _a9788122440119
040 _coclc
082 _a330.95404
_bAGR/I
100 _aAgrawal, A N
_9515
245 0 _aIndian Economy Problems Of Development And Planning /
_cA N Agrawal / M K Agarwal
250 _a41st ed.
260 _bNew Age International Publishers,
_c2016.
_aNew Delhi:
300 _a703p
650 _aEcnomics
942 _cBK
_2ddc
_h330.95404
_iAGR/I
_k330.95404
_mAGR/I